000 01059cam a2200313 a 4500
001 FLC43316210
003 CoBoFLC
005 20200214145129.0
008 080924s1999 nyua b 000 1 spa
020 _a0439139554 (pbk.)
020 _a9780439139557 (pbk.)
040 _aCoBoFLC
_cCoBoFLC
041 1 _aspa
_heng
100 1 _aNumeroff, Laura Joffe.
240 1 0 _aIf you give a pig a pancake.
_lSpanish.
245 1 0 _aSi le das un panqueque a una cerdita /
_cpor Laura Numeroff ; ilustrado por Felicia Bond ; traducido por Teresa Mlawer.
260 _aNew York, N.Y. :
_bScholastic,
_cc1999.
300 _a1 v. (unpaged) :
_bcol. ill. ;
_c24 cm.
520 _aOne thing leads to another when you give a pig a pancake.
650 0 _aSwine
_vJuvenile fiction.
650 1 _aPigs
_vFiction.
655 0 _aPicture books for children.
655 1 _aSpanish language materials.
655 7 _aMateriales en espa©łol.
_2local.
655 7 _aCerdos.
_2bidex.
700 1 _aBond, Felicia,
_eillustrator.
700 1 _aMlawer, Teresa.
942 _cBK
999 _c20769
_d20769